Estudio de prefactibilidad para la creación de una empresa dedicada a la producción y comercialización de salsa picante de chiles cabro y jalapeño en la ciudad de Managua
El estudio consiste en evaluar el Sistema de Riego por Goteo y Bombeo con energía solar en Huertos Familiares de la Asociación Sol y Agua Maravillas de la Tierra. Determina la producción de agua por día y energía real consumida del sistema de bombeo con fuente de energía solar.
| Main Author: | |
|---|---|
| Other Authors: | |
| Format: | Tesis Section = Libro |
| Language: | Undetermined Spanish |
| Published: |
Managua
UNI
2022
|
| Subjects: |
| LEADER | 01174nam a2200265Ia 4500 | ||
|---|---|---|---|
| 008 | 240830s9999 xx 000 0 und d | ||
| 040 | |a BIBLIOTECA-RUPAP Mon 658.11 F834 | ||
| 041 | |a spa | ||
| 082 | |a Mon 658.11 F834 | ||
| 100 | 1 | |a Franklin García, Judith Alexandra | |
| 245 | 1 | 0 | |a Estudio de prefactibilidad para la creación de una empresa dedicada a la producción y comercialización de salsa picante de chiles cabro y jalapeño en la ciudad de Managua |
| 260 | |a Managua |b UNI |c 2022 | ||
| 300 | |a 90 p. :il. | ||
| 500 | |a Contiene: anexos y CD. | ||
| 502 | |a Tesis (Ingeniero Agrícola) - UNI, 2022. | ||
| 520 | 3 | |a El estudio consiste en evaluar el Sistema de Riego por Goteo y Bombeo con energía solar en Huertos Familiares de la Asociación Sol y Agua Maravillas de la Tierra. Determina la producción de agua por día y energía real consumida del sistema de bombeo con fuente de energía solar. | |
| 650 | 7 | |a RIEGO | |
| 650 | 7 | |b RIEGO POR GOTEO | |
| 650 | 7 | |c SISTEMAS DE RIEGO | |
| 650 | 7 | |d ABASTECIMIENTO DE AGUA | |
| 650 | 7 | |e EVALUACION HIDRAULICA | |
| 700 | 1 | |a Tutor: |b Molina Lagos, Yader | |
| 942 | |c BK |2 ddc | ||
| 991 | |a TESIS | ||
| 999 | |c 19056 | ||